| 000 | 00487 a2200145 4500 | ||
|---|---|---|---|
| 999 |
_c4465 _d4465 |
||
| 020 | _a9780273650058 | ||
| 050 | _aLC 71.2 SHU 2000 | ||
| 100 |
_aShuttleworth, Vic _eAuthor |
||
| 245 |
_aThe special educational needs coordinator: _bmaximising your potential / _cVic Shuttleworth |
||
| 264 |
_aLondon: _bPearson Education Limited, _c2000 |
||
| 300 |
_a37-227p. : _bill |
||
| 500 | _aIncludes index | ||
| 650 |
_aSpecial education _xSpecial education teachers |
||
| 942 |
_2lcc _cBK _h71.2 _iSHU _kLB |
||